000 01218nam0a22002771 4500
001 rc\4586959
005 20260407111358.0
021 _aRU
_b[60-21122]
035 _a(NLR Aleph) 008659575
090 _a9052879
_c9052879
100 _a20130416d1960 |||y0rusy50 ca
101 0 _arus
102 _aRU
105 _aa z |||||
200 1 _aМетодические положения по разработке нормативов времени в радиотехнической промышленности
_f[Ред. инж. Г.Г. Штрук
_gГос. ком-т Совета Министров СССР по радиоэлектронике
210 _aМосква]
_cБ. и.
_d1960
215 _a95 с., 4 л. табл.
_cчерт.
_d22
320 _aБиблиогр.: с. 93
606 _aРадиоаппаратура
_xПроизводство
_xТехническое нормирование
_2psbo
702 1 _aШтрук
_bГ.Г.
_gГеоргий Георгиевич
_4340
712 0 1 _aСССР
_bКомитет по радиоэлектронике
_3RU\NLR\AUTH\889939147
_9373175
801 0 _aRU
_bNLR
_gpsbo
801 1 _aRU
_bELAR
_2rusmarc
852 _aNLR
_j60-6/2087
942 _cBOOK
980 _aNB